Magnogard Ltd v Earl Cadogan and Cadogan Estates Ltd (Record no. 84167)
[ view plain ]
| 000 -LEADER | |
|---|---|
| fixed length control field | 01170cad a22002055a 4500 |
| 001 - CONTROL NUMBER | |
| control field | L156836 |
| 008 - FIXED-LENGTH DATA ELEMENTS--GENERAL INFORMATION | |
| fixed length control field | 120718e2012 xxk 000 0 eng d |
| 035 ## - SYSTEM CONTROL NUMBER | |
| System control number | (Sirsi) u156836 |
| 041 0# - LANGUAGE CODE | |
| Language code of text/sound track or separate title | eng |
| 245 00 - TITLE STATEMENT | |
| Title | Magnogard Ltd v Earl Cadogan and Cadogan Estates Ltd |
| Medium | [electronic resource] |
| 260 ## - PUBLICATION, DISTRIBUTION, ETC. | |
| Date of publication, distribution, etc. | 2012 |
| 520 ## - SUMMARY, ETC. | |
| Summary, etc. | [2012] EWCA Civ 594, 4 May 2012. The appellant leaseholder (M) claimed the right as a long leaseholder under the Leasehold Reform Act 1967 to acquire freehold of a property comprising of flats and shops. The respondent freeholder (E) claimed the building did not qualify for leasehold enfranchisement since it was not a house within the meaning of s2(1). "Held" appeal dismissed. A building constructed, laid out and used as a block of substantial self-contained flats could not reasonably called a house. |
| 590 ## - LOCAL NOTE (RLIN) | |
| Local note | KA |
| 650 24 - SUBJECT ADDED ENTRY--TOPICAL TERM | |
| Topical term or geographic name entry element | EARL CADOGAN AND CADOGAN ESTATES LTD V MAGNOGARD LTD |
| 650 24 - SUBJECT ADDED ENTRY--TOPICAL TERM | |
| Topical term or geographic name entry element | LEASEHOLD REFORM ACT 1967 S2(1) |
| 651 #4 - SUBJECT ADDED ENTRY--GEOGRAPHIC NAME | |
| Geographic name | ENGLAND AND WALES |
| 690 ## - LOCAL SUBJECT ADDED ENTRY--TOPICAL TERM (OCLC, RLIN) | |
| Topical term or geographic name as entry element | Landlord and tenant |
| 9 (RLIN) | 6252 |
| 856 40 - ELECTRONIC LOCATION AND ACCESS | |
| Uniform Resource Identifier | <a href="https://www.bailii.org/ew/cases/EWCA/Civ/2012/594.html">https://www.bailii.org/ew/cases/EWCA/Civ/2012/594.html</a> |
| Public note | View the law report free of charge at www.bailii.org |
| 942 ## - ADDED ENTRY ELEMENTS (KOHA) | |
| Suppress in OPAC | 0 |
| Withdrawn status | Lost status | Source of classification or shelving scheme | Damaged status | Not for loan | Home library | Current library | Shelving location | Date acquired | Total Checkouts | Full call number | Barcode | Date last seen | Copy number | Price effective from | Koha item type |
|---|---|---|---|---|---|---|---|---|---|---|---|---|---|---|---|
| Dewey Decimal Classification | Virtual | Virtual | Online | 18/07/2012 | ONLINE PUBLICATION | 156836-2001 | 06/08/2019 | 1 | 06/08/2019 | Law report |